Encapsulation in ternary elastomer blends (Record no. 58585)

MARC details
000 -LEADER
fixed length control field 00392nam a2200145Ia 4500
100 ## - MAIN ENTRY--AUTHOR NAME
Personal name Koseki Yasuaki
245 #0 - TITLE STATEMENT
Title Encapsulation in ternary elastomer blends
260 ## - PUBLICATION, DISTRIBUTION, ETC. (IMPRINT)
Name of publisher Rubber Chemistry and Technology
Year of publication 1999
300 ## - PHYSICAL DESCRIPTION
Number of Pages 109-118
650 ## - SUBJECT ADDED ENTRY--TOPICAL TERM
Topical Term Ternary Elastomer blends
700 ## - ADDED ENTRY--PERSONAL NAME
Personal name Lee Moo Sung
700 ## - ADDED ENTRY--PERSONAL NAME
Personal name Macosko C W
942 ## - ADDED ENTRY ELEMENTS (KOHA)
Koha item type Journals
Holdings
Withdrawn status Lost status Damaged status Not for loan Home library Current library Shelving location Date acquired Serial Enumeration / chronology Koha item type
      Journals RRII Library RRII Library Rubber chemistry 17/12/2021 Volume 72, Issue 1 Journals